Catalog

Record Details

Catalog Search



Summa proti pohanům = Summa contra gentiles. kniha 4  Cover Image Book Book

Summa proti pohanům = Summa contra gentiles. kniha 4 / Sv. Tomáš Akvinský ; [přel. [z lat.] Jiří Tomáš Bahounek ; graf. úprava Petr Svoboda]

Record details

  • Physical Description: 245 s. ; 21 cm
  • Edition: 1. vyd.
  • Publisher: Olomouc : Matice cyrilometodějská, 1993

Content descriptions

General Note:
Frontispis
Latinsko-čes. slovníček
Subject: Tomáš Akvinský, svatý, 1225-1274
Genre: pojednání
výbory

Available copies

  • 1 of 1 copy available at Common Catalog SPOK.

Holds

  • 0 current holds with 1 total copy.
Show Only Available Copies
Location Call Number / Copy Notes Barcode Shelving Location Status Due Date
Jabok Library CD-4.2 424480008054 Odborná literatura Available -

LDR 01465nam a2200397 4500
00112646
003CZ-PrJAB
00520161005091631.0
007ta
008940418s1993 xr u0|0 0 cze
015 . ‡acnb000080322
020 . ‡q(Brož.)
035 . ‡a(CZ PrNK)np9319275
035 . ‡a(OCoLC)39603627
040 . ‡aABA001 ‡bcze
0411 . ‡acze ‡hlat
080 . ‡a26 ‡2undef
080 . ‡a23/25 ‡2undef
080 . ‡a21 ‡2undef
1000 . ‡aTomáš Akvinský, ‡csvatý, ‡d1225-1274 ‡7jn19981002237 ‡4aut
24010. ‡aSumma contra gentiles. ‡lČesky ‡7aun2008460747
24510. ‡aSumma proti pohanům = ‡bSumma contra gentiles. ‡nkniha 4 / ‡cSv. Tomáš Akvinský ; [přel. [z lat.] Jiří Tomáš Bahounek ; graf. úprava Petr Svoboda]
24631. ‡aSumma contra gentiles
250 . ‡a1. vyd.
260 . ‡aOlomouc : ‡bMatice cyrilometodějská, ‡c1993
300 . ‡a245 s. ; ‡c21 cm
500 . ‡aFrontispis
500 . ‡aLatinsko-čes. slovníček
60007. ‡aTomáš Akvinský, ‡csvatý, ‡d1225-1274 ‡7jn19981002237 ‡2czenas
6530 . ‡aBůh ‡akatolická teologie ‡ascholastika ‡astředověká teologie ‡asvátosti ‡avykoupení ‡azápadní myšlení
655 7. ‡apojednání ‡7fd133056 ‡2czenas
655 7. ‡avýbory ‡7fd133853 ‡2czenas
7001 . ‡aSvoboda, Petr ‡7jx20031130133 ‡4art
7001 . ‡aBahounek, Jiří, ‡d1947- ‡7jn19981000188 ‡4trl
910 . ‡aABG312
964 . ‡aTomáš Akvinský (filozof a teolog ital., 1225-1274) - dílo teologické - výbory
901 . ‡a12646 ‡bUnknown ‡c12646 ‡tbiblio

Additional Resources